000 00208nam a2200085Ia 4500
245 0 _aTROPICAL FISH BOOK
100 _a TODD, R. 1968
_9113632
942 _cBK
008 210825s9999 xx 000 0 und d
999 _c541583
_d541582